SI Unit (Record no. 14682)

000 -LEADER
fixed length control field 00509nam a22002057a 4500
001 - CONTROL NUMBER
control field 14682
003 - CONTROL NUMBER IDENTIFIER
control field BD-DhUET
008 - FIXED-LENGTH DATA ELEMENTS--GENERAL INFORMATION
fixed length control field 150309b xxu||||| |||| 00| 0 eng d
040 ## - CATALOGING SOURCE
Original cataloging agency DLC
Transcribing agency DLC
Modifying agency BD-DhUET
082 ## - DEWEY DECIMAL CLASSIFICATION NUMBER
Classification number 530.8
Item number RAM/1971
100 ## - MAIN ENTRY--PERSONAL NAME
Personal name Ramaswamy, G. S.
245 ## - TITLE STATEMENT
Title SI Unit
Remainder of title A source book
250 ## - EDITION STATEMENT
Edition statement 1st ed.
260 ## - PUBLICATION, DISTRIBUTION, ETC. (IMPRINT)
Place of publication, distribution, etc. Bombay
Name of publisher, distributor, etc. Tata McGraw-Hill
Date of publication, distribution, etc. 1971
300 ## - PHYSICAL DESCRIPTION
Extent 109p.
504 ## - BIBLIOGRAPHY, ETC. NOTE
Bibliography, etc Includes bibliographies
650 #0 - SUBJECT ADDED ENTRY--TOPICAL TERM
Topical term or geographic name as entry element Dimensionas : Physics
700 ## - ADDED ENTRY--PERSONAL NAME
Personal name Rao, V. V. L.
942 ## - ADDED ENTRY ELEMENTS (KOHA)
Koha item type General Book
Holdings
Damaged status Source of classification or shelving scheme Koha full call number Copy number Lost status Koha date last borrowed Withdrawn status Price effective from Sublocation or collection (holding branch) Not for loan Piece designation (barcode) Shelving location Koha date last seen Koha normalized classification for sorting Koha issues (times borrowed) Date acquired Location (home branch) Koha item type
  530.8/RAM/19711 2021-09-15 2015-03-09Central Library, BUET 39727Circulation section2021-09-15530_800000000000000_RAM_197112015-03-09Central Library, BUETGeneral Book